Mémoires de Napoléon /

محفوظ في:

المؤلف الرئيسي: Napoleon I, Emperor of the French, 1769-1821 (مؤلف)

مؤلفون آخرون: Lentz, Thierry.

التنسيق: كتاب

اللغة: French

منشور في: Paris : Tallandier, 2011.

الموضوعات:

الوسوم: إضافة وسم

لا توجد وسوم, كن أول من يضع وسما على هذه التسجيلة!

رقم الطلب: DC213.2 .A23 v.2

LEADER 00972namaa2200289 4500
001 22129
003 OSt
005 20251214132236.0
008 130303s2011 fr a b 001 0afre d
020 |a 9782847346978   |q (v. 2) 
040 |c ARCE Library 
043 |a e-fr--- 
050 4 |a DC213.2 .A23 v.2 
100 0 |a Napoleon  |b I,  |c Emperor of the French,  |d 1769-1821,  |e author 
245 1 0 |a Mémoires de Napoléon /  |c édition présentée par Thierry Lentz. 
264 1 |a Paris :   |b Tallandier,   |c 2011. 
300 |a 412 pages :  |b illustrations ;  |c 24 cm. 
504 |a Includes bibliographical references and indexes. 
505 2 |g volume 2.  |t La campagne d'Egypte. 
555 |a Sara.lib 
600 0 0 |a Napoleon  |b I,  |c Emperor of the French,  |d 1769-1821  |v Biography. 
651 0 |a France   |x Kings and rulers   |v Biography. 
651 0 |a France  |x History  |y Consulate and First Empire, 1799-1815 
700 1 |a Lentz, Thierry. 
901 |a reviewed 
942 |c BK  |2 lcc 
999 |c 20733  |d 20733